LEADER 02739nam 2200601 450 001 9910824253703321 005 20210614042854.0 010 $a1-4985-0102-8 010 $a1-4985-0101-X 035 $a(CKB)2670000000578357 035 $a(EBL)1874270 035 $a(SSID)ssj0001380798 035 $a(PQKBManifestationID)12507728 035 $a(PQKBTitleCode)TC0001380798 035 $a(PQKBWorkID)11371993 035 $a(PQKB)10000541 035 $a(MiAaPQ)EBC1874270 035 $a(Au-PeEL)EBL1874270 035 $a(CaPaEBR)ebr11025311 035 $a(CaONFJC)MIL665405 035 $a(OCoLC)897642139 035 $a(EXLCZ)992670000000578357 100 $a20150314h20152015 uy 0 101 0 $aeng 135 $aur|n|---||||| 181 $ctxt 182 $cc 183 $acr 200 10$aAcademic freedom at American universities $econstitutional rights, professional norms, and contractual duties /$fPhilip Lee 210 1$aLanham, Maryland :$cLexington Books,$d2015. 210 4$d©2015 215 $a1 online resource (180 p.) 300 $aDescription based upon print version of record. 311 $a1-4985-0100-1 311 $a1-322-34123-0 320 $aIncludes bibliographical references and index. 327 $aContents; Acknowledgments; Introduction; 1 The Crisis of Academic Freedom in the Modern University and the Founding of the AAUP; 2 The AAUP's First Policy Declaration in 1915 and Its Struggle to Defend Academic Freedom; 3 The AAUP's Seminal 1940 Statement and Judicially Defined Academic Freedom During the McCarthy Era; 4 Modern Constitutional Conceptions of Academic Freedom; 5 The Limitations of Constitutionally Based Professorial Freedom; 6 Contract Law as an Alternative Foundation for Professorial Freedom; Conclusion; Bibliography; Index; About the Author 330 $aLee argues that the dominant constitutional analysis of academic freedom is insufficient to protect the full range of academic freedom interests that have emerged over time. As an alternative to an exclusively First Amendment foundation for this freedom, it proposes for a contract-law-based conception specifically for professors. 606 $aAcademic freedom$zUnited States 606 $aCollege teachers$xLegal status, laws, etc$zUnited States 606 $aLabor contract$zUnited States 615 0$aAcademic freedom 615 0$aCollege teachers$xLegal status, laws, etc. 615 0$aLabor contract 676 $a344.73/078 700 $aLee$b Philip$f1975-$01710980 801 0$bMiAaPQ 801 1$bMiAaPQ 801 2$bMiAaPQ 906 $aBOOK 912 $a9910824253703321 996 $aAcademic freedom at American universities$94101995 997 $aUNINA LEADER 01175nam0 22002891i 450 001 UON00200529 005 20231205103251.632 010 $a95-12-90721-6 100 $a20030730d1996 |0itac50 ba 101 $aita 102 $aFI 105 $a|||| 1|||| 200 1 $aViaggio in Lapponia 1799$eGiuseppe Acerbi sul cammino di Capo Nord II - Giuseppe Acerbi /edizione a cura di Luigi G. de Anna e Lauri Lindgren 210 $aTurku$cUniversitą di Turku$d1996 215 $a165 p.$cill.$d21 cm. 316 $aUniversitą di Turku$5IT-UONSI FIUA/0665 606 $aLapponia$xDescrizioni [e] Viaggi$3UONC096511$2FI 620 $aFI$dTurku$3UONL003234 700 1$aACERBI$bGiuseppe$3UONV232670$0163502 702 1$aDE ANNA$bLuigi G.$3UONV109682 702 1$aLINDGREN$bLauri$3UONV244288 801 $aIT$bSOL$c20250103$gRICA 899 $aSIBA - SISTEMA BIBLIOTECARIO DI ATENEO$2UONSI 912 $aUON00200529 950 $aSIBA - SISTEMA BIBLIOTECARIO DI ATENEO$dSI FIU A 0665 $eSI EO 26680 7 0665 Universitą di Turku 996 $aViaggio in Lapponia 1799$91668626 997 $aUNIOR